| 000 | 00366nam a2200133Ia 4500 | ||
|---|---|---|---|
| 005 | 20260328104329.0 | ||
| 008 | 260328s9999||||xx |||||||||||||| ||und|| | ||
| 100 | _aSolnit, Rebecca | ||
| 245 | 0 |
_aUnfathomable City : _b A New Orleans Atlas / _cRebecca Solnit |
|
| 260 | _bUniversity of California Press | ||
| 300 | _a163 p. | ||
| 650 | _aESTADOS UNIDOS | ||
| 942 | _cBK | ||
| 999 |
_c11653 _d11653 |
||